[Event "VIII World's Youth Stars"]
[Site "Kirishi RUS"]
[Date "2010.05.15"]
[Round "7"]
[White "Bajarani,U"]
[Black "Ganichev,Alex"]
[Result "1/2-1/2"]
[WhiteElo "2422"]
[BlackElo "2126"]
[EventDate "2010.05.09"]

1. e4 c5 2. Nf3 e6 3. Nc3 d6 4. d4 cxd4 5. Nxd4 Nf6 6. Be2 Be7 7. O-O O-O
8. f4 Nc6 9. Kh1 Qc7 10. Be3 a6 11. a4 Re8 12. Bd3 Nxd4 13. Bxd4 e5 14. Bg1
exf4 15. Bd4 Be6 16. Nd5 Bxd5 17. exd5 Nd7 18. Qf3 Ne5 19. Qxf4 Bf8 20. Ra3
g6 21. Rc3 Qd7 22. Be2 Bg7 23. Bb6 Rac8 24. Rxc8 Rxc8 25. c3 Re8 26. Bf2 f5
27. Re1 Nf7 28. a5 Bh6 29. Qd4 Re4 30. Qd1 Qa4 31. b4 Qa2 32. Bd3 Qxf2 33.
Bxe4 fxe4 34. Rxe4 Ne5 35. Qe2 Qxe2 36. Rxe2 Kf7 1/2-1/2

[Event "VIII World's Youth Stars"]
[Site "Kirishi RUS"]
[Date "2010.05.15"]
[Round "7"]
[White "Ter Sahakyan,S"]
[Black "Oparin,G"]
[Result "1-0"]
[WhiteElo "2523"]
[BlackElo "2348"]
[EventDate "2010.05.09"]

1. e4 c5 2. Nf3 d6 3. d4 cxd4 4. Nxd4 Nf6 5. Nc3 a6 6. Be3 e6 7. f3 b5 8.
g4 Nfd7 9. Qd2 Nb6 10. Qf2 N8d7 11. O-O-O Bb7 12. Bd3 Rc8 13. Nce2 Nc5 14.
Kb1 Nba4 15. h4 Qc7 16. Bc1 e5 17. Nf5 d5 18. Neg3 g6 19. Ne3 d4 20. Nd5
Qd6 21. f4 Bg7 22. h5 Rg8 23. f5 Nb6 24. Nxb6 Qxb6 25. Qh2 gxf5 26. Nxf5
Bh8 27. g5 Qe6 28. Qh4 Kd7 29. Nh6 Rgf8 30. Be2 Kc7 31. Bg4 Qd6 32. Rhf1
Rce8 33. Nxf7 Qe7 34. Nxh8 Bxe4 35. Rf6 Rxh8 36. Qe1 Bb7 37. Rxd4 Kb8 38.
Rdd6 Rd8 39. Rb6 Ka8 40. a3 Rhe8 41. Be3 e4 42. Qa5 Rd5 43. Rxa6+ Nxa6 44.
Rxa6+ Bxa6 45. Qxa6+ Kb8 46. Bf4+ Re5 47. Bxe5+ Qxe5 48. Qb6+ Ka8 49. Bd7
1-0

[Event "VIII World's Youth Stars"]
[Site "Kirishi RUS"]
[Date "2010.05.15"]
[Round "7"]
[White "Sethuraman,S"]
[Black "Shimanov,A"]
[Result "1/2-1/2"]
[WhiteElo "2493"]
[BlackElo "2544"]
[EventDate "2010.05.09"]

1. e4 c6 2. d4 d5 3. Nc3 dxe4 4. Nxe4 Nd7 5. Nf3 Ngf6 6. Ned2 e6 7. g3 b6
8. Bg2 Bb7 9. Ne5 Qc7 10. Nxd7 Qxd7 11. Nf3 c5 12. Be3 cxd4 13. Bxd4
1/2-1/2

[Event "VIII World's Youth Stars"]
[Site "Kirishi RUS"]
[Date "2010.05.17"]
[Round "8"]
[White "Belous,V"]
[Black "Shimanov,A"]
[Result "1-0"]
[WhiteElo "2471"]
[BlackElo "2544"]
[EventDate "2010.05.09"]

1. c4 e6 2. Nf3 Nf6 3. g3 d5 4. Bg2 dxc4 5. Qa4+ Nbd7 6. Qxc4 a6 7. Qb3 Be7
8. O-O O-O 9. Nc3 Rb8 10. d4 b5 11. Bf4 Bb7 12. Rfd1 Rc8 13. Ne5 Bxg2 14.
Kxg2 c5 15. dxc5 Qe8 16. Nxd7 Nxd7 17. Ne4 Nxc5 18. Nxc5 Rxc5 19. Rac1 Qc6+
20. Qf3 Rc8 21. Rxc5 Bxc5 22. Qxc6 Rxc6 23. Rc1 1-0

[Event "VIII World's Youth Stars"]
[Site "Kirishi RUS"]
[Date "2010.05.17"]
[Round "8"]
[White "Ganichev,Alex"]
[Black "Ter Sahakyan,S"]
[Result "0-1"]
[WhiteElo "2126"]
[BlackElo "2523"]
[EventDate "2010.05.09"]

1. e4 c5 2. Nf3 d6 3. d4 Nf6 4. Nc3 cxd4 5. Nxd4 Bd7 6. Bg5 e6 7. Qd2 a6 8.
f4 h6 9. Bxf6 Qxf6 10. Nf3 Nc6 11. O-O-O Qd8 12. Bd3 Qc7 13. Kb1 O-O-O 14.
g4 Kb8 15. h4 Be7 16. h5 Na5 17. g5 Rc8 18. Qf2 Rhd8 19. Rhg1 d5 20. gxh6
gxh6 21. e5 Bc5 22. Nd4 Qb6 23. Nce2 Ba3 24. b3 Nc4 25. Rg7 Nb2 26. Rd2 Qb4
27. Nf3 Nxd3 28. cxd3 Qxf4 29. Rd1 Qf5 30. Qe3 Bb5 31. Nfd4 Qxh5 32. Rf1
Rc7 33. Qg3 Rdc8 34. b4 Rc2 35. Nxc2 Qxe2 36. Qf2 Qxd3 37. Rg3 Rxc2 38.
Rxd3 Rxf2 39. Rxf2 Bxd3+ 40. Ka1 0-1

[Event "VIII World's Youth Stars"]
[Site "Kirishi RUS"]
[Date "2010.05.17"]
[Round "8"]
[White "Lintchevski,D"]
[Black "Bajarani,U"]
[Result "1/2-1/2"]
[WhiteElo "2503"]
[BlackElo "2422"]
[EventDate "2010.05.09"]

1. e4 e6 2. d4 d5 3. exd5 exd5 4. Nf3 Bd6 5. c4 Nf6 6. Nc3 dxc4 7. Bxc4 O-O
8. O-O Nc6 9. h3 a6 10. Bg5 h6 11. Bh4 Bf5 12. Qd2 Rc8 13. Rfe1 b5 14. Bb3
Be7 15. d5 Na5 16. Nd4 Bg6 17. Ncxb5 Nxd5 18. Qxa5 Bxh4 19. Na7 c5 20. Qxa6
Nf4 21. Nf3 Ra8 22. Rad1 Bd3 23. Bc4 Ne2+ 24. Kh1 Bxf2 25. Rxd3 Ng3+ 26.
Kh2 Qb8 27. Qd6 1/2-1/2

[Event "VIII World's Youth Stars"]
[Site "Kirishi RUS"]
[Date "2010.05.17"]
[Round "8"]
[White "Bukavshin,I"]
[Black "Bernadskiy,V"]
[Result "1-0"]
[WhiteElo "2435"]
[BlackElo "2330"]
[EventDate "2010.05.09"]

1. e4 c5 2. Nf3 d6 3. d4 cxd4 4. Nxd4 Nf6 5. Nc3 a6 6. Be3 e5 7. Nb3 Be7 8.
Qd2 O-O 9. O-O-O a5 10. a4 Be6 11. f3 Na6 12. g4 Nb4 13. g5 Nh5 14. Rg1 Rc8
15. Kb1 d5 16. exd5 Bf5 17. Na1 Bc5 18. Rg2 Bxe3 19. Qxe3 Nf4 20. Rgd2 Qxg5
21. Ne4 Qg6 22. c3 Na6 23. Nb3 Bd7 24. Bb5 Bxb5 25. axb5 a4 26. Rg1 Qf5 27.
Na5 Nc7 28. c4 Ne8 29. Ka2 Ng6 30. d6 Nf6 31. Rg5 Qh3 32. Rg3 Qf5 33. Nxf6+
Qxf6 34. d7 Rb8 35. c5 Qe6+ 36. Ka1 Rfd8 37. c6 bxc6 38. bxc6 Ra8 39. Qc5
Ne7 40. Qd6 Qxd6 41. Rxd6 Nf5 42. Rd5 Ne3 43. Rxe5 Nc2+ 44. Kb1 Nb4 45. Rg4
Nxc6 46. Nxc6 Rxd7 47. Rxa4 Rf8 48. Rd4 Rc7 49. Rc4 Rd7 50. Rd4 1-0

[Event "VIII World's Youth Stars"]
[Site "Kirishi RUS"]
[Date "2010.05.17"]
[Round "8"]
[White "Zherebukh,Y"]
[Black "Kashlinskaya,A"]
[Result "1-0"]
[WhiteElo "2567"]
[BlackElo "2346"]
[EventDate "2010.05.09"]

1. d4 Nf6 2. Nf3 g6 3. Nbd2 d5 4. e3 Bg7 5. b4 O-O 6. c4 b6 7. Ba3 Bb7 8.
Be2 Nbd7 9. O-O Re8 10. Rc1 dxc4 11. Bxc4 e6 12. Bb2 Ne4 13. Nxe4 Bxe4 14.
b5 Rc8 15. Qe2 e5 16. Bxf7+ Kxf7 17. Qc4+ Re6 18. d5 Re8 19. Qxe4 Nf6 20.
Qa4 Nxd5 21. Rfd1 e4 22. Qb3 1-0

[Event "VIII World's Youth Stars"]
[Site "Kirishi RUS"]
[Date "2010.05.18"]
[Round "9"]
[White "Kashlinskaya,A"]
[Black "Belous,V"]
[Result "0-1"]
[WhiteElo "2346"]
[BlackElo "2471"]
[EventDate "2010.05.09"]

1. d4 c5 2. d5 d6 3. g3 e6 4. c4 exd5 5. cxd5 g6 6. Bg2 Bg7 7. Nf3 Ne7 8.
O-O Nd7 9. Nc3 O-O 10. Bf4 Nb6 11. e4 Bg4 12. Qd3 Qd7 13. a4 h6 14. a5 Nbc8
15. Rfe1 g5 16. Bd2 Bh3 17. Bh1 Ng6 18. Qb5 Qc7 19. Rec1 Nce7 20. Rab1 a6
21. Qa4 Bd7 22. Qa3 f5 23. b4 c4 24. Qa2 Rac8 25. Be3 Rce8 26. Bb6 Qc8 27.
Nd4 Ne5 28. Qd2 f4 29. f3 Qb8 30. Ne6 Bxe6 31. dxe6 fxg3 32. hxg3 Rxf3 33.
Ne2 Rd3 34. Qc2 Qc8 0-1

[Event "VIII World's Youth Stars"]
[Site "Kirishi RUS"]
[Date "2010.05.18"]
[Round "9"]
[White "Bajarani,U"]
[Black "Bukavshin,I"]
[Result "1/2-1/2"]
[WhiteElo "2422"]
[BlackElo "2435"]
[EventDate "2010.05.09"]

1. e4 c5 2. Nf3 e6 3. Nc3 a6 4. g3 b5 5. Bg2 Bb7 6. d3 d6 7. O-O Nc6 8. a4
b4 9. Ne2 Nf6 10. Ng5 h6 11. Nh3 d5 12. exd5 Nxd5 13. Nhf4 Nf6 14. d4 Qc7
15. d5 Rd8 16. Qe1 exd5 17. c4 dxc4 18. Nd4+ Be7 19. Nf5 Kf8 20. Qe2 g5 21.
Qxc4 Nd4 22. Nxe7 Qxe7 23. Nd3 Ne2+ 24. Kh1 Bxg2+ 25. Kxg2 Nxc1 26. Raxc1
Rd4 27. Qxa6 Rd6 28. Qc4 1/2-1/2

[Event "VIII World's Youth Stars"]
[Site "Kirishi RUS"]
[Date "2010.05.18"]
[Round "9"]
[White "Ter Sahakyan,S"]
[Black "Lintchevski,D"]
[Result "0-1"]
[WhiteElo "2523"]
[BlackElo "2503"]
[EventDate "2010.05.09"]

1. e4 c5 2. Nf3 e6 3. d4 cxd4 4. Nxd4 Nf6 5. Nc3 Nc6 6. Ndb5 Bb4 7. a3
Bxc3+ 8. Nxc3 d5 9. exd5 exd5 10. Bd3 O-O 11. O-O d4 12. Ne2 Bg4 13. Bg5
Qd6 14. f3 Bh5 15. Qe1 Bg6 16. Rd1 Nh5 17. Qh4 h6 18. Bc1 Rfe8 19. Bxg6
Qxg6 20. Nxd4 Nxd4 21. Rxd4 Re2 22. Rg4 Qb6+ 23. Kh1 Rae8 24. c3 R8e5 25.
Rd4 Nf6 26. Qg3 Nh5 27. Qh4 Nf6 28. h3 Rc2 29. Qf4 Ree2 30. Rd6 Nh5 31. Qh2
Qb5 32. Rdd1 Kh7 33. Rfe1 Rxe1+ 34. Rxe1 Rxc1 35. Rxc1 Qg5 36. Qg1 Ng3+ 37.
Kh2 Ne2 38. Qf1 Qf4+ 0-1

[Event "VIII World's Youth Stars"]
[Site "Kirishi RUS"]
[Date "2010.05.18"]
[Round "9"]
[White "Shimanov,A"]
[Black "Oparin,G"]
[Result "1-0"]
[WhiteElo "2544"]
[BlackElo "2348"]
[EventDate "2010.05.09"]

1. d4 d5 2. c4 e6 3. Nf3 Nf6 4. g3 Bb4+ 5. Bd2 Be7 6. Bg2 O-O 7. O-O c6 8.
Qc2 b6 9. Bf4 Bb7 10. Rd1 Nbd7 11. Nc3 Nh5 12. Bc1 f5 13. Rb1 a5 14. cxd5
cxd5 15. Qb3 Rc8 16. Nb5 Ndf6 17. Ne5 Ne4 18. Na7 Ra8 19. Nac6 Qc7 20.
Nxe7+ Qxe7 21. Bf3 Nhf6 22. Qxb6 Ba6 23. Qb3 Rfc8 24. Bd2 a4 25. Qe3 Rc2
26. a3 Rac8 27. Bb4 Qc7 28. Nd3 Ng4 29. Bxg4 fxg4 30. Re1 Qf7 31. Nc5 Nxc5
32. Bxc5 Bc4 33. f3 Qf5 34. h3 Rxe2 35. fxg4 Rxe3 36. gxf5 Rxe1+ 37. Rxe1
exf5 38. Re7 h6 39. Bd6 Rc6 40. Be5 Rg6 41. Kf2 Bb3 42. Ke3 Kf8 43. Rc7 Kg8
44. Kf4 Rg5 45. h4 Rg4+ 46. Kxf5 h5 47. Rb7 Kh7 48. Ke6 Rg6+ 49. Kf7 Rg4
50. Kf8 Bd1 51. Bxg7 Kg6 52. Rf7 Kh7 53. Bf6+ Kh6 54. Bg5+ Rxg5 55. hxg5+
Kxg5 56. Rf4 Bb3 57. Ke7 Bc4 58. Kd6 Bb3 59. Kc5 Bc4 60. Kb4 Bb3 61. Kc3
Bc4 62. Kd2 Bb3 63. Ke3 Bc4 64. Rf8 Bb3 65. Rb8 Kf5 66. Rxb3 axb3 67. a4
1-0

[Event "VIII World's Youth Stars"]
[Site "Kirishi RUS"]
[Date "2010.05.19"]
[Round "10"]
[White "Bukavshin,I"]
[Black "Ter Sahakyan,S"]
[Result "1/2-1/2"]
[WhiteElo "2435"]
[BlackElo "2523"]
[EventDate "2010.05.09"]

1. e4 c5 2. Nc3 d6 3. f4 Nc6 4. Nf3 g6 5. d4 cxd4 6. Nxd4 Bg7 7. Be3 Nf6 8.
Be2 O-O 9. Nb3 Bd7 10. g4 h6 11. h4 Qc8 12. f5 h5 13. gxh5 gxf5 14. exf5
Bxf5 15. h6 Bh8 16. Rg1+ Kh7 17. Rg5 Qe6 18. Nd4 Nxd4 19. Qxd4 Bg6 20. Qf4
Ne4 21. Nxe4 Qxe4 22. h5 Qxf4 23. hxg6+ fxg6 24. Bxf4 Rxf4 25. Bd3 Rg8 26.
O-O-O Bf6 27. Rxg6 Rxg6 28. Rg1 Bxb2+ 29. Kxb2 Rff6 30. Rh1 Kg8 31. Bxg6
Rxg6 32. Rh4 d5 33. h7+ Kh8 34. Kc3 Rc6+ 35. Kd2 e6 36. Rh6 Ra6 37. Kd3 b5
38. c3 Rb6 39. Rh5 a5 40. a3 Rc6 41. Rh6 Ra6 42. Kd2 Rd6 43. Kd3 Rc6 44.
Kd2 Ra6 45. Kd3 Rb6 46. Kd2 Rc6 47. Kd3 Rd6 48. Ke3 Ra6 49. Kd3 a4 50. Kd2
Rd6 51. Ke3 Rc6 52. Kd3 Rb6 53. Kd2 Ra6 54. Kd3 Rd6 55. Ke3 Rc6 56. Kd3 Ra6
57. Kd2 Rb6 58. Kd3 Rc6 59. Kd2 Rc5 60. Rxe6 Kxh7 61. Kd3 Kg7 62. Rb6 Kf7
63. Kd4 Rc4+ 64. Kd3 Rc5 65. Kd4 Rc4+ 66. Kd3 1/2-1/2

[Event "VIII World's Youth Stars"]
[Site "Kirishi RUS"]
[Date "2010.05.19"]
[Round "10"]
[White "Zherebukh,Y"]
[Black "Bajarani,U"]
[Result "0-1"]
[WhiteElo "2567"]
[BlackElo "2422"]
[EventDate "2010.05.09"]

1. e4 e6 2. d4 d5 3. Nc3 Nf6 4. e5 Nfd7 5. f4 c5 6. Nf3 Nc6 7. Be3 Be7 8.
Qd2 O-O 9. Be2 a6 10. O-O b5 11. a3 Bb7 12. Nd1 Rc8 13. c3 Na5 14. Qe1 Nc4
15. Bd3 f5 16. Bf2 cxd4 17. cxd4 a5 18. Bh4 Bxh4 19. Nxh4 Qb6 20. Nf3 a4
21. Kh1 Nb8 22. Qh4 h6 23. Qf2 Rc7 24. Nc3 Rfc8 25. Bxc4 Rxc4 26. Rg1 Nc6
27. g4 b4 28. Nxa4 Qb5 29. Nc5 Rxc5 30. gxf5 exf5 31. dxc5 d4 32. Rg3 Qxc5
33. Rag1 Rc7 34. Qg2 Qf8 35. Qh3 d3 36. R3g2 Nd8 37. Nd4 Be4 38. axb4 Rc4
39. Nb5 Ne6 40. Nd6 Nxf4 41. Qe3 Bxg2+ 42. Rxg2 Qa8 0-1

[Event "VIII World's Youth Stars"]
[Site "Kirishi RUS"]
[Date "2010.05.19"]
[Round "10"]
[White "Kashlinskaya,A"]
[Black "Bernadskiy,V"]
[Result "0-1"]
[WhiteElo "2346"]
[BlackElo "2330"]
[EventDate "2010.05.09"]

1. d4 d5 2. c4 dxc4 3. Nf3 Nf6 4. Nc3 c6 5. a4 Be6 6. e4 Bg4 7. Be3 e6 8.
Bxc4 Bb4 9. Qb3 a5 10. Ne5 O-O 11. O-O Bh5 12. f3 Nbd7 13. Nd3 Be7 14. Rad1
Nb6 15. Nf4 Nxc4 16. Qxc4 Bg6 17. d5 exd5 18. exd5 Qc7 19. Rfe1 Bd6 20. Kh1
Rfe8 21. Nxg6 hxg6 22. Bg5 Bxh2 23. Bxf6 gxf6 24. Ne4 Kg7 25. dxc6 bxc6 26.
g4 Rh8 27. Kg2 Be5 28. Rh1 Rxh1 29. Rxh1 Rd8 30. b3 Rd4 31. Qc5 Qd7 32. Re1
Qd5 33. Re2 Rxe4 0-1

[Event "VIII World's Youth Stars"]
[Site "Kirishi RUS"]
[Date "2010.05.20"]
[Round "11"]
[White "Bernadskiy,V"]
[Black "Belous,V"]
[Result "1-0"]
[WhiteElo "2330"]
[BlackElo "2471"]
[EventDate "2010.05.09"]

1. e4 c5 2. Nf3 g6 3. c3 d5 4. e5 Bg4 5. Bb5+ Nd7 6. d4 e6 7. O-O cxd4 8.
cxd4 Nh6 9. Nbd2 Rc8 10. Nb3 a6 11. Bxd7+ Qxd7 12. Bg5 Nf5 13. Bf6 Bg7 14.
Nc5 Qb5 15. a4 Qb4 16. Bxg7 Nxg7 17. Ra3 Nf5 18. Rb3 Qc4 19. Nxe6 Qxa4 20.
Rc3 Qd7 21. Nc5 Qb5 22. Ne4 Kd8 23. Qc1 Rc6 24. Qg5+ Kc8 25. Rxc6+ Qxc6 26.
Rc1 dxe4 27. Rxc6+ bxc6 28. Nd2 Be2 29. Qf6 Rd8 30. Qxc6+ Kb8 31. d5 Rc8
32. Qb6+ Ka8 33. h3 Rc1+ 34. Kh2 e3 35. fxe3 Rc2 36. e4 Ne7 37. d6 1-0

[Event "VIII World's Youth Stars"]
[Site "Kirishi RUS"]
[Date "2010.05.20"]
[Round "11"]
[White "Bajarani,U"]
[Black "Kashlinskaya,A"]
[Result "1-0"]
[WhiteElo "2422"]
[BlackElo "2346"]
[EventDate "2010.05.09"]

1. e4 e5 2. Nf3 Nc6 3. Bb5 a6 4. Ba4 Nf6 5. O-O Be7 6. d3 b5 7. Bb3 d6 8.
a4 Bg4 9. Be3 O-O 10. Nc3 Nd4 11. Bxd4 exd4 12. Nd5 c6 13. Nxf6+ Bxf6 14.
h3 Be6 15. Bxe6 fxe6 16. Nh2 e5 17. g3 c5 18. b3 Qd7 19. Kg2 g6 20. f4 d5
21. axb5 dxe4 22. dxe4 Qb7 23. Qd3 axb5 24. Rxa8 Qxa8 25. fxe5 Bxe5 26.
Rxf8+ Kxf8 27. Nf3 Qe8 28. Qd2 Qe7 29. Qa5 Qb7 30. Qd8+ Kg7 31. Qe8 Bd6 32.
Qe6 Qe7 33. Qd5 h6 34. h4 Bc7 35. e5 Bb8 36. Kf2 Bc7 37. Ke2 Bb8 38. g4 Bc7
39. Kd3 Bb8 40. Ke4 Bc7 41. g5 h5 42. Qc6 Kh7 43. e6 Kg8 44. Ne5 Kg7 45.
Qd7 Bd6 46. Nc6 1-0

[Event "VIII World's Youth Stars"]
[Site "Kirishi RUS"]
[Date "2010.05.20"]
[Round "11"]
[White "Ter Sahakyan,S"]
[Black "Zherebukh,Y"]
[Result "1-0"]
[WhiteElo "2523"]
[BlackElo "2567"]
[EventDate "2010.05.09"]

1. e4 e5 2. Nf3 Nc6 3. Bb5 Nf6 4. O-O Nxe4 5. d4 Be7 6. dxe5 O-O 7. Qd5 Nc5
8. Be3 a6 9. Bxc5 axb5 10. Bxe7 Qxe7 11. Nc3 b4 12. Nb5 Ra5 13. a4 bxa3 14.
Rxa3 Rxa3 15. bxa3 Rd8 16. Re1 b6 17. Re3 Bb7 18. Nxc7 Na5 19. Qd6 Qxd6 20.
exd6 Nc4 21. Rb3 Bxf3 22. gxf3 Nxd6 23. Rxb6 Rc8 24. Nd5 Nf5 25. a4 h5 26.
c3 Kf8 27. Rb7 Ke8 28. a5 Nd6 29. Rb4 Kd8 30. a6 Ra8 31. Ra4 Nc8 32. Kg2
Ne7 33. Nxe7 Kxe7 34. Kg3 Kd6 35. Kf4 Kc6 36. a7 d6 37. Ke4 Kb5 38. Ra3 Kc4
39. f4 Re8+ 40. Kf3 Ra8 41. f5 Kd3 42. Kf4 f6 43. h3 d5 44. Kf3 Kd2 45. Kf4
Kd3 46. Kg3 Kc2 47. Kh4 Kb2 48. Ra5 Kxc3 49. Rxd5 Rxa7 50. Kxh5 Ra2 51. Kg6
Rxf2 52. Kxg7 Kc4 53. Ra5 Kb4 54. Ra6 Rxf5 55. Rxf6 Rh5 56. Rf4+ Kc5 57. h4
Kd6 58. Kg6 Rh8 59. h5 Rg8+ 60. Kf7 Rh8 61. Rf5 Ra8 62. h6 Ra1 63. h7 Rh1
64. Kg6 Ke6 65. Rh5 1-0

[Event "VIII World's Youth Stars"]
[Site "Kirishi RUS"]
[Date "2010.05.20"]
[Round "11"]
[White "Shimanov,A"]
[Black "Lintchevski,D"]
[Result "0-1"]
[WhiteElo "2544"]
[BlackElo "2503"]
[EventDate "2010.05.09"]

1. g3 c6 2. Bg2 d5 3. d3 e5 4. Nf3 Bd6 5. e4 Nf6 6. Nbd2 O-O 7. O-O Re8 8.
Re1 Nbd7 9. b3 a5 10. a3 d4 11. Nh4 Nc5 12. Rf1 Bc7 13. Bf3 Bh3 14. Ng2 b5
15. Be2 Ne6 16. Nf3 c5 17. Nfh4 c4 18. f4 exf4 19. gxf4 Nc5 20. Bb2 cxd3
21. cxd3 Be6 22. b4 Na4 23. Qd2 Bb6 24. Kh1 Bg4 25. Nf3 Nc3 26. Ng1 axb4
27. axb4 Rxa1 28. Bxa1 Qd6 29. Bxg4 Nxg4 30. h3 Qh6 31. Rf3 Ne5 32. Rg3 Nc6
33. Nf3 Qd6 34. Bxc3 dxc3 35. Qxc3 g6 36. Ngh4 Bd4 37. Qd2 Bg7 38. Rg5 Qxb4
39. Qc2 Nd4 40. Nxd4 Bxd4 41. Nf3 Ra8 42. Nxd4 Ra1+ 43. Rg1 Qxd4 44. Rxa1
Qxa1+ 45. Kg2 b4 46. Kf3 Qf1+ 47. Kg3 h5 48. Qc8+ Kg7 49. Qc2 h4+ 50. Kg4
Qe1 51. Qh2 f6 0-1

[Event "VIII World's Youth Stars"]
[Site "Kirishi RUS"]
[Date "2010.05.20"]
[Round "11"]
[White "Oparin,G"]
[Black "Ganichev,Alex"]
[Result "1-0"]
[WhiteElo "2348"]
[BlackElo "2126"]
[EventDate "2010.05.09"]

1. e4 e5 2. Nf3 Nc6 3. Bc4 Nf6 4. d3 Bc5 5. O-O d6 6. c3 a6 7. Bb3 Ba7 8.
Re1 O-O 9. h3 h6 10. Nbd2 Nh5 11. Nf1 Qf6 12. Be3 Bxe3 13. Nxe3 Nf4 14. Kh2
Be6 15. Ng1 Bxb3 16. axb3 Ne7 17. g3 Nfg6 18. Nf3 c5 19. d4 Qe6 20. h4 Rfe8
21. d5 Qd7 22. h5 Nf8 23. Nh4 Nh7 24. f4 Kh8 25. Qf3 b5 26. Ng4 Ng8 27. Nf2
Ngf6 28. Kg2 a5 29. f5 Ng5 30. Qe2 a4 31. bxa4 bxa4 32. Ra2 Reb8 33. Rea1
Kh7 34. Nf3 Nxf3 35. Kxf3 Rb7 36. g4 Ne8 37. Nd3 Qb5 38. Qc2 Rba7 39. c4
Qa5 40. Nf2 Nf6 41. Ra3 Nd7 42. Nd1 Nb6 43. Ke2 Qb4 44. Kd3 Qe1 45. Ne3 Qb4
46. f6 g6 47. hxg6+ fxg6 48. Rh1 Rh8 49. Qh2 Kg8 50. g5 h5 51. Qh3 Qxb2 52.
Qe6+ Kh7 53. Rc3 a3 54. f7 Rf8 55. Rxh5+ 1-0